| 000 | 00447nam a22001937a 4500 | ||
|---|---|---|---|
| 003 | MPLRDC | ||
| 005 | 20220104113946.0 | ||
| 008 | 210129b ||||| |||| 00| 0 eng d | ||
| 020 | _a957-9159-27-0 | ||
| 082 | _a848.2 JX v.2 | ||
| 100 | _a蒋勋著 | ||
| 245 |
_a大度. 山 _c |
||
| 250 | _a七印 | ||
| 260 |
_a _b尔雅出版社 _c1989 |
||
| 300 | _b平 | ||
| 490 | _a尔雅丛书;192 | ||
| 650 | _a现代别集 | ||
| 942 |
_cBK _o848.2 JX v.2 |
||
| 999 |
_c3694 _d3684 |
||